| 000 | 00686nam a2200229 a 4500 | ||
|---|---|---|---|
| 001 | 19700 | ||
| 003 | BD-RjUL | ||
| 005 | 20211209000451.0 | ||
| 008 | 140225r19571908enkaf 000 1 eng d | ||
| 035 | _a(BD-RjUL) | ||
| 035 | _a(BD-RjUL) | ||
| 040 |
_aANL _beng _cANL _dBD-RjUL |
||
| 041 | _aeng | ||
| 082 | 0 | 4 |
_a823.8 _220 _bBRJ |
| 100 | 1 |
_aBronte, Charlotte, _d1816-1855. _960527 |
|
| 245 | 1 | 0 |
_aJane Eyre : _ban autobiography / _cCharlotte Bronte. |
| 260 |
_aLondon : _bThomas Nelson, _c1908 [reprinted 1957] |
||
| 300 |
_a517 p., [1] leaf of plates : _b1 ill. ; _c17 cm. |
||
| 490 | 0 | _aThe New century library | |
| 650 |
_aFathers and daughters _vFiction. _9163059 |
||
| 942 |
_2ddc _cBK |
||
| 999 |
_c19700 _d19700 |
||